[Event "Negambo op 4th"]
[Site "Negambo"]
[Date "2018.08.20"]
[Round "10"]
[White "Thenuka, Kuruwita Gamalathge"]
[Black "Adihetty, Vanusha"]
[Result "1-0"]
[WhiteElo "1708"]
[BlackElo "1380"]
[PlyCount "97"]
[EventDate "2018.08.16"]
[EventType "swiss"]
[EventRounds "10"]
[EventCountry "SRI"]
[SourceTitle "CBM 186 Extra"]
[Source "ChessBase"]
[SourceDate "2018.08.24"]
[SourceVersion "1"]
[SourceVersionDate "2018.08.24"]
[SourceQuality "1"]

1. d4 d5 2. Bf4 Nf6 3. e3 c5 4. c3 Nc6 5. Nd2 Qb6 6. Qb3 c4 7. Qc2 Bg4 8. Be2 Bxe2 9. Nxe2 e6 10. Ng3 Ne7 11. e4 Ng6 12. Bg5 h6 13. Bxf6 gxf6 14. exd5 exd5 15. 0-0 0-0-0 16. Rfe1 Bd6 17. Nh5 Nh4 18. g3 Rhg8 19. Kh1 Rg5 20. Nxf6 Rg6 21. Nxd5 Qc6 22. Qe4 Re6 23. Ne7+ Bxe7 24. Qxc6+ bxc6 25. Rxe6 fxe6 26. gxh4 Bxh4 27. Nxc4 Bxf2 28. Rf1 Bh4 29. Rf4 Bg5 30. Re4 Kd7 31. Ne5+ Kc7 32. Nf7 Rb8 33. Nxg5 hxg5 34. b3 Kd6 35. Re5 Rg8 36. Kg2 Ke7 37. Ra5 Kf6 38. Rxa7 Rc8 39. Ra5 Rh8 40. Rc5 Rh4 41. a4 Re4 42. a5 Re2+ 43. Kg3 Re3+ 44. Kf2 Rh3 45. Kg2 Rd3 46. a6 Rd2+ 47. Kg3 Rd3+ 48. Kg4 Rd2 49. Ra5 1-0

[Event "Negambo op 4th"]
[Site "Negambo"]
[Date "2018.08.18"]
[Round "6"]
[White "Thenuka, Kuruwita Gamalathge"]
[Black "Liyanage, Pesandu Rashmitha"]
[Result "1-0"]
[WhiteElo "1708"]
[BlackElo "1278"]
[PlyCount "59"]
[EventDate "2018.08.16"]
[EventType "swiss"]
[EventRounds "10"]
[EventCountry "SRI"]
[SourceTitle "CBM 186 Extra"]
[Source "ChessBase"]
[SourceDate "2018.08.24"]
[SourceVersion "1"]
[SourceVersionDate "2018.08.24"]
[SourceQuality "1"]

1. d4 Nf6 2. Bf4 g6 3. Nc3 d5 4. e3 Bg7 5. h4 c5 6. Nb5 Na6 7. c3 0-0 8. Be2 b6 9. h5 Bb7 10. hxg6 fxg6 11. Nf3 Ne4 12. Bd3 Qd7 13. a4 Nd6 14. Ng5 h6 15. Bxg6 hxg5 16. Qh5 Rxf4 17. Qh7+ Kf8 18. exf4 Nxb5 19. axb5 Qxb5 20. Bh5 Qc6 21. fxg5 Qe6+ 22. Kf1 Qe4 23. Bg6 Qg4 24. Rh3 cxd4 25. Rf3+ Qxf3 26. gxf3 dxc3 27. bxc3 Rc8 28. Bf5 Rxc3 29. Be6 Rxf3 30. Qg8# 1-0

[Event "Negombo op 2nd"]
[Site "Negombo"]
[Date "2016.08.17"]
[Round "9"]
[White "Thenuka, Kuruwita Gamalathge"]
[Black "Samarakoon, Hevidu"]
[Result "1/2-1/2"]
[WhiteElo "1482"]
[BlackElo "1329"]
[PlyCount "72"]
[EventDate "2016.08.13"]
[EventType "swiss"]
[EventRounds "9"]
[EventCountry "SRI"]
[SourceTitle "EXT 2019"]
[Source "ChessBase"]
[SourceDate "2018.10.10"]
[SourceVersion "1"]
[SourceVersionDate "2018.10.10"]
[SourceQuality "1"]

1. d4 e6 2. Nf3 c5 3. e3 Nf6 4. Bd3 Nc6 5. c3 d5 6. Nbd2 c4 7. Bc2 Bd6 8. 0-0 0-0 9. e4 Ne8 10. exd5 exd5 11. Re1 Be6 12. Nf1 h6 13. Ng3 Nf6 14. Nf5 Bxf5 15. Bxf5 Qc7 16. g3 Rfe8 17. Be3 Rad8 18. Qc1 Ne7 19. Bh3 Ng6 20. Bf5 Ne7 21. Nh4 Nxf5 22. Nxf5 Ng4 23. Nxd6 Qxd6 24. h3 Nxe3 25. Rxe3 Rxe3 26. Qxe3 Qd7 27. Kg2 Re8 28. Qd2 b5 29. Re1 Rxe1 30. Qxe1 Qe6 31. Qxe6 fxe6 32. f4 a5 33. a3 Kf7 34. Kf3 g6 35. h4 a4 36. Kg4 h5+ 1/2-1/2

[Event "Negombo op 2nd"]
[Site "Negombo"]
[Date "2016.08.15"]
[Round "6"]
[White "Amarasinghe, AACB"]
[Black "Thenuka, Kuruwita Gamalathge"]
[Result "1-0"]
[WhiteElo "1863"]
[BlackElo "1482"]
[PlyCount "45"]
[EventDate "2016.08.13"]
[EventType "swiss"]
[EventRounds "9"]
[EventCountry "SRI"]
[SourceTitle "EXT 2019"]
[Source "ChessBase"]
[SourceDate "2018.10.10"]
[SourceVersion "1"]
[SourceVersionDate "2018.10.10"]
[SourceQuality "1"]

1. e4 c5 2. Nc3 Nc6 3. f4 g6 4. Nf3 Bg7 5. Bb5 e6 6. e5 f6 7. Ne4 fxe5 8. Bxc6 dxc6 9. fxe5 Bxe5 10. Nxe5 Qd4 11. Qf3 Qxe5 12. 0-0 Qg7 13. Nd6+ Ke7 14. Nf7 Bd7 15. d4 h6 16. Nxh8 Be8 17. Bf4 Qxh8 18. Be5 Qh7 19. Qf8+ Kd8 20. dxc5 Qe7 21. Rad1+ Kc8 22. Qxe7 Nxe7 23. Rf8 1-0

[Event "Asian Schools-ch U11 11th"]
[Site "Singapore"]
[Date "2015.06.07"]
[Round "9"]
[White "Thenuka, Kuruwita Gamalathge"]
[Black "Nisban, Cyrus"]
[Result "1/2-1/2"]
[WhiteElo "1531"]
[BlackElo "1771"]
[PlyCount "40"]
[EventDate "2015.05.31"]
[EventType "swiss"]
[EventRounds "7"]
[EventCountry "SIN"]
[SourceTitle "EXT 2024"]
[Source "ChessBase"]
[SourceDate "2023.10.10"]
[SourceVersion "1"]
[SourceVersionDate "2023.10.10"]
[SourceQuality "1"]

1. d4 Nf6 2. c4 g6 3. Nc3 Bg7 4. e4 d6 5. Nf3 0-0 6. Be2 e5 7. 0-0 Nbd7 8. d5 Nc5 9. Nd2 a5 10. a3 a4 11. f3 Bh6 12. b4 axb3 13. Nxb3 Bxc1 14. Nxc1 Nfd7 15. Nd3 Nxd3 16. Bxd3 Nc5 17. Bc2 f5 18. Na4 Nxa4 19. Bxa4 fxe4 20. fxe4 Qg5 1/2-1/2